| 000 | 00575nab a2200205 a 4500 | ||
|---|---|---|---|
| 005 | 20210219161645.0 | ||
| 008 | 991125s1985 mx 000 0 spa u | ||
| 035 | _aUPN01000189289 | ||
| 100 | 1 | _aOrtiz Cárdenas, Javier E | |
| 222 | _aREENCUENTRO : | ||
| 222 | _bANALISIS DE PROBLEMAS UNIVERSITARIOS | ||
| 245 | _aAcercamiento a la actualidad de Max Weber | ||
| 260 | _aMéxico | ||
| 300 | _a21-26 | ||
| 362 | 0 | _a2012 Año 23, no. 64, ago. | |
| 653 | 0 | _aWEBER, MAX, 1864-1920 | |
| 653 | 0 | _aRACIONALIDAD | |
| 653 | 0 | _aINSTITUCIONES EDUCATIVAS | |
| 905 | _aArticulo | ||
| 999 |
_c161392 _d161392 |
||